Нормален изглед
MARC изглед
- Бръснаро-фризьорство – наръчници и ръководства
Вход 09. Предметна рубрика
001 - Контролен номер на записа
- Контролно поле: 450843
003 - Код на организацията, даваща контролен номер
- Контролно поле: BLK
005 - Дата и час на последна промяна на записа
- Контролно поле: 20210426202851.0
008 - Данни с фиксирана дължина – обща информация
- Данни с фиксирана дължина : 210426|| aca||babn | a|a d
150 ## - ТЕМАТИЧНА ПРЕДМЕТНА РУБРИКА
- Редна дума или Топографско име: Бръснаро-фризьорство – наръчници и ръководства
942 ## - Системна служебна употреба
- Koha auth type: TOPIC_TERM